000 00850nam a2200253 a 4500
001 52578
003 BD-RjUL
005 20211209075829.0
008 160922s1952 nyu x i0 a0eng c
035 _a(BD-RjUL)52698
040 _aMnMULS
_beng
_cMnMULS
_dNIC
_dDNAL
_dOCLCF
_dICharE
_dBD-RjUL
041 _aeng
082 0 4 _a526
_223
_bWOR 1951-1952
245 0 0 _aWorld cartography /
_cUnited Nations
260 _aNew York :
_bUnited Nations, Dept. of Social Affairs,
_c1951-1952
300 _av. :
_bill. ;
_c28 cm
500 _aST/ESA/Ser. L and ST/SOA/Ser. L.
505 0 _avol 1 -- Vol. 2 --
515 _aIssued with the United Nations publication sales numbers.
650 0 _aCartography
_vPeriodicals.
_9157204
655 7 _aPeriodicals.
_2fast
_9157656
710 2 _aUnited Nations.
_bDepartment of Social Affairs.
_9157206
942 _2ddc
_cBK
999 _c52578
_d52578